| 000 | 00517nam a2200145 a 4500 | ||
|---|---|---|---|
| 008 | 120416s0000 ||||||||||||||||| || u | ||
| 020 | _a047158410x | ||
| 050 | _aHF 5549.5.T7 Mac | ||
| 100 | _aMcGehee, William | ||
| 245 | 1 | 0 | _aTraining in business and industry |
| 260 |
_aNew York _bJohn Wiley and Sons _c1961 |
||
| 300 | _axi, 305p. | ||
| 350 | _a0.00 | ||
| 995 |
_D0.00 _FCBU-MAIN LIBRARY (Kitwe) _H1 _I5.50 _M1 _UAVAILABLE _ZMain Library Open Access Collection |
||
| 999 |
_c60265 _d60265 |
||